[Event "Challenge"]
[Site "http://www.queenalice.com/game.php?id=56716"]
[Date "2006.3.11"]
[Round "-"]
[White "Anatoly"]
[Black "MikeDoherty"]
[Result "1-0"]
[WhiteElo "1695"]
[BlackElo "1933"]

1. e4 c5 2. c4 Nc6 3. Nf3 e5 4. Be2 Nf6 5. Nc3 d6 6. O-O Be7 7. d3 O-O 8. a3 Bg4
9. Rb1 Nd7 10. Nd5 f5 11. h3 fxe4 12. hxg4 exf3 13. Bxf3 Rb8 14. Be3 Bg5 15. Qd2
Bh4 16. Be4 Nd4 17. g3 Be7 18. Kg2 Nf6 19. Nxf6+ Bxf6 20. Rh1 g6 21. Bd5+ Kh8
22. Rxh7+ Kxh7 23. Rh1+ Kg7 24. Bh6+ 1-0

[Event "AUTO-MASTER-115"]
[Site "http://www.queenalice.com/game.php?id=56728"]
[Date "2006.3.11"]
[Round "1"]
[White "Sirius"]
[Black "Anatoly"]
[Result "0-1"]
[WhiteElo "1654"]
[BlackElo "1660"]

1. c4 c5 2. d3 Nc6 3. Be3 e6 4. Nc3 Nf6 5. Qb3 b6 6. Bf4 d5 7. Nb5 e5 8. cxd5
Nxd5 9. Bg5 Nf6 10. Nf3 Be7 11. g3 O-O 12. Bxf6 Bxf6 13. Bg2 Bb7 14. O-O Nd4 15.
Nbxd4 exd4 16. Ne1 Bxg2 17. Nxg2 Re8 18. e3 dxe3 19. fxe3 Qd7 20. d4 cxd4 21.
Rad1 Qh3 22. Rxd4 Bxd4 23. exd4 h6 24. Qxf7+ Kh7 25. d5 Re2 26. Nf4 Qxh2# 0-1

[Event "AUTO-MASTER-115"]
[Site "http://www.queenalice.com/game.php?id=56729"]
[Date "2006.3.11"]
[Round "1"]
[White "Anatoly"]
[Black "Sirius"]
[Result "0-1"]
[WhiteElo "1684"]
[BlackElo "1648"]

1. f4 d6 2. Nf3 Bg4 3. e4 Bxf3 4. Qxf3 Nc6 5. Nc3 g6 6. Bc4 Nd4 7. Qd3 Bg7 8.
O-O c6 9. Ne2 Nxe2+ 10. Qxe2 Qb6+ 11. Qf2 c5 12. f5 Bd4 0-1

[Event "AUTO-MASTER-115"]
[Site "http://www.queenalice.com/game.php?id=56744"]
[Date "2006.3.11"]
[Round "1"]
[White "Anatoly"]
[Black "carlosfed"]
[Result "0-1"]
[WhiteElo "1692"]
[BlackElo "1896"]

1. f4 Nf6 2. Nf3 d5 3. d4 e6 4. Nc3 Bb4 5. Bd2 a6 6. a3 Ba5 7. b4 Bb6 8. e3 Bd7
9. Na4 Bxa4 10. Bd3 h6 11. O-O Nc6 12. Qe1 Ne4 13. Ne5 Nxd2 0-1

[Event "AUTO-MASTER-115"]
[Site "http://www.queenalice.com/game.php?id=56745"]
[Date "2006.3.11"]
[Round "1"]
[White "carlosfed"]
[Black "Anatoly"]
[Result "1-0"]
[WhiteElo "1884"]
[BlackElo "1660"]

1. e4 c5 2. Nf3 e6 3. d4 d5 4. e5 Nc6 5. Bb5 a6 6. Bxc6+ bxc6 7. Be3 g6 8. c3
Bg7 9. dxc5 Rb8 10. b4 Ne7 11. g4 O-O 12. Bd4 f6 13. Nbd2 fxe5 14. Nxe5 Qc7 15.
Ndf3 Bd7 16. Nxd7 Qxd7 17. Bxg7 Kxg7 18. Qd4+ Kg8 19. Ne5 Qe8 20. O-O-O Qd8 21.
h4 a5 22. a3 Ra8 23. Qe3 Qc8 24. h5 Rf6 25. Qg5 Kg7 26. h6+ 1-0

[Event "AUTO-MASTER-115"]
[Site "http://www.queenalice.com/game.php?id=56746"]
[Date "2006.3.11"]
[Round "1"]
[White "Anatoly"]
[Black "gdan"]
[Result "0-1"]
[WhiteElo "1660"]
[BlackElo "1880"]

1. f4 d5 2. Nf3 Bg4 3. d3 Nf6 4. h3 Bxf3 5. gxf3 e6 6. e4 Nh5 7. Rg1 Qh4+ 8. Ke2
Nxf4+ 9. Ke3 d4+ 10. Kxd4 e5+ 11. Ke3 Bc5+ 12. Kd2 Bxg1 0-1

[Event "AUTO-MASTER-115"]
[Site "http://www.queenalice.com/game.php?id=56747"]
[Date "2006.3.11"]
[Round "1"]
[White "gdan"]
[Black "Anatoly"]
[Result "1-0"]
[WhiteElo "1888"]
[BlackElo "1639"]

1. e4 c5 2. Nf3 e6 3. d4 d5 4. Nc3 Nc6 5. Bb5 Ne7 6. O-O a6 7. exd5 exd5 8.
Bxc6+ Nxc6 9. Re1+ Be6 10. dxc5 Bxc5 11. Bg5 Ne7 12. Bxe7 Bxe7 13. Nd4 Qb6 14.
Nxe6 fxe6 15. Qh5+ g6 16. Qe5 Kd7 17. Nxd5 Qc6 18. Rad1 Bd6 19. Qxe6+ Kd8 20.
Qf6+ Kd7 21. Re7+ 1-0

[Event "Let's Play Chess!"]
[Site "http://www.queenalice.com/game.php?id=58166"]
[Date "2006.3.20"]
[Round "-"]
[White "BogusBogart"]
[Black "Anatoly"]
[Result "1-0"]
[WhiteElo "2067"]
[BlackElo "1684"]

1. e4 c5 2. Nc3 Nc6 3. f4 e6 4. Nf3 Qc7 5. d4 cxd4 6. Nxd4 a6 7. Nf3 b5 8. Bd3
Bc5 9. Qe2 Nge7 10. Be3 Qb6 11. Bxc5 Qxc5 12. O-O-O b4 13. Na4 Qd6 14. e5 Qc7
15. b3 O-O 16. Bxh7+ Kxh7 17. Ng5+ Kg8 18. Qh5 Rd8 19. Qxf7+ Kh8 20. Rd3 Bb7 21.
Rh3# 1-0

[Event "Let's Play Chess!"]
[Site "http://www.queenalice.com/game.php?id=58167"]
[Date "2006.3.20"]
[Round "-"]
[White "Anatoly"]
[Black "BogusBogart"]
[Result "0-1"]
[WhiteElo "1656"]
[BlackElo "2071"]

1. d4 Nf6 2. c4 g6 3. Nc3 Bg7 4. Nf3 d6 5. e4 O-O 6. Be2 Nbd7 7. O-O e5 8. Be3
c6 9. d5 c5 10. Qd2 Ne8 11. Bh6 f5 12. Bxg7 Kxg7 13. exf5 gxf5 14. Ng5 Ndf6 15.
g3 h6 16. Nf3 Rg8 17. Kg2 Kh7 18. Nh4 Ne4 19. Nxe4 Qxh4 20. Nc3 Bd7 21. Kg1 Nf6
22. f4 e4 23. Kh1 Rxg3 24. Qe1 Rag8 25. Qf2 e3 26. Qe1 Qh3 27. a4 Rg2 0-1

[Event "Let's Play Chess!"]
[Site "http://www.queenalice.com/game.php?id=61984"]
[Date "2006.4.8"]
[Round "-"]
[White "Anatoly"]
[Black "li2carpio"]
[Result "0-1"]
[WhiteElo "1676"]
[BlackElo "1838"]

1. d4 c6 2. c4 d5 3. Nf3 Nf6 4. Qc2 e6 5. Nc3 Bb4 6. Bg5 h6 7. Bf4 dxc4 8. e4 b5
9. a4 Nbd7 10. Be2 a6 11. axb5 cxb5 12. O-O Bb7 13. e5 Nd5 14. Nxd5 Bxd5 15.
Rfd1 Be7 16. Qc3 Bg5 17. Qe3 Nf8 18. Bxg5 hxg5 19. Nxg5 Ng6 20. f4 f6 21. exf6
Qxf6 22. Rf1 Ne7 23. Bg4 Nf5 24. Bxf5 Qxf5 25. Rae1 O-O 26. Qe5 Qg4 27. Rf2 Rf5
28. Qd6 Rf6 29. Re5 Qd1+ 30. Rf1 Qxd4+ 31. Kh1 Qd2 32. Rxd5 Qxd5 0-1

[Event "Let's Play Chess!"]
[Site "http://www.queenalice.com/game.php?id=61985"]
[Date "2006.4.8"]
[Round "-"]
[White "pensalo"]
[Black "Anatoly"]
[Result "1-0"]
[WhiteElo "2057"]
[BlackElo "1662"]

1. e4 c5 2. Nf3 e6 3. d4 cxd4 4. Nxd4 Nc6 5. Be3 a6 6. a4 Qc7 7. f4 Nxd4 8. Qxd4
Qxc2 9. Nd2 Qc7 10. Nc4 Bb4+ 11. Ke2 Bf8 12. Rc1 Qd8 13. Qc3 Nf6 14. Nb6 Rb8 15.
Kf3 Be7 16. Qxc8 1-0

[Event "Let's Play Chess!"]
[Site "http://www.queenalice.com/game.php?id=61986"]
[Date "2006.4.8"]
[Round "-"]
[White "Anatoly"]
[Black "li2carpio"]
[Result "0-1"]
[WhiteElo "1679"]
[BlackElo "1817"]

1. d4 c6 2. c4 d5 3. Nf3 Nf6 4. Qc2 e6 5. Nc3 Bb4 6. Bg5 h6 7. Bf4 Ne4 8. e3 Nd7
9. a3 Ba5 10. Bd3 Ndf6 11. b4 Bc7 12. Bxc7 Qxc7 13. Nxe4 dxe4 14. Bxe4 Bd7 15.
Ne5 Nxe4 16. Qxe4 O-O-O 17. Nxf7 b6 18. Nxd8 Qxd8 19. O-O g5 20. b5 Kb7 21.
bxc6+ Bxc6 22. Qxe6 h5 23. c5 g4 24. cxb6 axb6 25. Rfc1 Bd5 26. Qe5 Rh7 27. a4
h4 28. e4 Bf7 29. Rab1 g3 30. fxg3 hxg3 31. h3 Rh5 32. Qg7 Qe8 33. a5 Rxa5 34.
Qxg3 Qd7 35. Rb2 Qxd4+ 36. Qf2 Qxf2+ 37. Kxf2 Re5 38. Rd1 Bg6 39. Rdb1 Re6 40.
g4 Bxe4 41. Re2 Rf6+ 42. Kg3 Bxb1 43. g5 Rc6 44. h4 Bg6 45. Kg4 Rc4+ 46. Kg3 b5
47. Re6 Bh5 48. g6 Rg4+ 49. Kh3 Rxg6 0-1

[Event "Let's Play Chess!"]
[Site "http://www.queenalice.com/game.php?id=61987"]
[Date "2006.4.8"]
[Round "-"]
[White "li2carpio"]
[Black "Anatoly"]
[Result "1-0"]
[WhiteElo "1812"]
[BlackElo "1666"]

1. e4 c5 2. Nf3 e6 3. Nc3 d5 4. exd5 exd5 5. d4 Nf6 6. Bg5 Be6 7. Bd3 c4 8. Be2
Bb4 9. O-O Nc6 10. Na4 O-O 11. c3 Bd6 12. b3 h6 13. Bh4 g5 14. Bg3 g4 15. Ne5 h5
16. Qd2 Ne4 17. Qh6 Nxe5 18. Bxe5 Bxe5 19. dxe5 Qg5 20. Qxg5+ Nxg5 21. f3 f5 22.
Nc5 Bc8 23. f4 Ne6 24. Na4 cxb3 25. axb3 b6 26. Rad1 Bb7 27. Nb2 Kf7 28. g3 Nc5
29. b4 Ne4 30. c4 Ke6 31. Bd3 Rac8 32. Bxe4 dxe4 33. Rd6+ Kf7 34. Rd7+ 1-0

[Event "Let's Play Chess!"]
[Site "http://www.queenalice.com/game.php?id=62559"]
[Date "2006.4.12"]
[Round "-"]
[White "Anatoly"]
[Black "carlog"]
[Result "0-1"]
[WhiteElo "1639"]
[BlackElo "1988"]

1. d4 c5 2. d5 f5 3. c4 Nf6 4. Qd3 g6 5. b3 Bg7 6. Bb2 d6 7. g3 e5 8. dxe6 Bxe6
9. Bg2 Nc6 10. a3 O-O 11. Nf3 Ne4 12. Bxg7 Kxg7 13. Nc3 Qf6 14. Rc1 Nxc3 0-1

[Event "Let's Play Chess!"]
[Site "http://www.queenalice.com/game.php?id=62564"]
[Date "2006.4.12"]
[Round "-"]
[White "carlog"]
[Black "Anatoly"]
[Result "1-0"]
[WhiteElo "1990"]
[BlackElo "1637"]

1. Nc3 c5 2. e4 e6 3. g3 d5 4. exd5 exd5 5. Qe2+ Be6 6. Bh3 Qe7 7. Bxe6 fxe6 8.
Nf3 g6 9. d4 c4 10. Ng5 Kd7 11. O-O h6 12. Nh3 Nc6 13. Nf4 Qf7 14. Ncxd5 1-0